[Event "FAI-ch Almenni"]
[Site "Faroe Islands"]
[Date "2012.04.02"]
[Round "4"]
[White "Damun, Janus Air"]
[Black "Thomsen, Ala Jakup"]
[Result "1-0"]
[WhiteElo "1000"]
[BlackElo "1098"]
[PlyCount "127"]
[EventDate "2012.03.31"]
[EventType "swiss"]
[EventRounds "9"]
[EventCountry "FAI"]
[SourceTitle "EXT 2013"]
[Source "ChessBase"]
[SourceDate "2012.11.22"]
[SourceVersion "1"]
[SourceVersionDate "2012.11.22"]
[SourceQuality "1"]

1. d4 d5 2. Nf3 g6 3. c4 dxc4 4. e3 b5 5. b3 Be6 6. Nfd2 cxb3 7. axb3 c6 8. Bd3 Nf6 9. Qf3 Bg7 10. Bxb5 Qd5 11. Ba4 Qxf3 12. Nxf3 Bd5 13. Nbd2 0-0 14. 0-0 Ne4 15. b4 Nc3 16. Re1 Nxa4 17. Rxa4 f5 18. Bb2 e6 19. Ne5 Re8 20. f4 Re7 21. Ra5 a6 22. Rc1 Nd7 23. Nxc6 Bxc6 24. Rxc6 Nb8 25. Rc8+ Kf7 26. b5 Rea7 27. b6 Rb7 28. Nc4 Ke7 29. Rc7+ Rxc7 30. bxc7 Nc6 31. Rxa6 Rc8 32. Rxc6 Kd7 33. Rc5 Rxc7 34. Rxc7+ Kxc7 35. Kf2 Kc6 36. h4 h6 37. Nd2 Kd5 38. g3 Bf8 39. Kf3 Bb4 40. Nf1 h5 41. Ke2 Ke4 42. Bc1 Ba5 43. Bd2 Bd8 44. Bb4 Bc7 45. Nd2+ Kd5 46. Kd3 Bd8 47. Nb1 Bc7 48. Nc3+ Kc6 49. Kc4 Kd7 50. Na4 Kc6 51. Nc5 Bd6 52. Nxe6 Bxb4 53. Kxb4 Kd5 54. Ng5 Kd6 55. Kc4 Kc6 56. Nf7 Kd7 57. Kd5 Ke7 58. Ng5 Kd7 59. Ke5 Ke7 60. d5 Kd7 61. d6 Kd8 62. Ke6 Ke8 63. d7+ Kd8 64. Nf7+ 1-0

[Event "FAI-ch Almenni"]
[Site "Faroe Islands"]
[Date "2012.04.01"]
[Round "3"]
[White "Damun, Janus Air"]
[Black "Heldarskard, Vagn"]
[Result "0-1"]
[WhiteElo "1000"]
[BlackElo "1462"]
[PlyCount "40"]
[EventDate "2012.03.31"]
[EventType "swiss"]
[EventRounds "9"]
[EventCountry "FAI"]
[SourceTitle "EXT 2013"]
[Source "ChessBase"]
[SourceDate "2012.11.22"]
[SourceVersion "1"]
[SourceVersionDate "2012.11.22"]
[SourceQuality "1"]

1. d4 d5 2. c4 e6 3. Nf3 f5 4. Ne5 Nf6 5. e3 Be7 6. Be2 0-0 7. 0-0 Nbd7 8. f4 Ne4 9. Nc3 c6 10. Nxe4 fxe4 11. cxd5 exd5 12. Nxd7 Bxd7 13. b3 Rf6 14. Bb2 Rh6 15. Bg4 Be8 16. a4 Bf8 17. Ba3 Qh4 18. h3 Bxa3 19. Rxa3 Qe7 20. Ra2 Qb4 0-1

[Event "FAI-ch Almenni"]
[Site "Faroe Islands"]
[Date "2012.03.31"]
[Round "1"]
[White "Hojgaard, Brandur"]
[Black "Damun, Janus Air"]
[Result "1-0"]
[WhiteElo "1687"]
[BlackElo "1000"]
[PlyCount "39"]
[EventDate "2012.03.31"]
[EventType "swiss"]
[EventRounds "9"]
[EventCountry "FAI"]
[SourceTitle "EXT 2013"]
[Source "ChessBase"]
[SourceDate "2012.11.22"]
[SourceVersion "1"]
[SourceVersionDate "2012.11.22"]
[SourceQuality "1"]

1. d4 d5 2. Nf3 Nc6 3. c4 Bf5 4. cxd5 Qxd5 5. Nc3 Qd7 6. e4 Bg4 7. d5 Bxf3 8. Qxf3 Ne5 9. Qg3 f6 10. Bf4 a6 11. Bxe5 fxe5 12. Qxe5 Nf6 13. Be2 0-0-0 14. Rd1 Re8 15. Qd4 e5 16. Qa7 Kd8 17. Qxb7 Qc8 18. Qa7 Ke7 19. Bxa6 Qb8 20. d6+ 1-0